书目信息 |
| 题名: |
智能嵌入技术开发与实践
|
|
| 作者: | 佟国香 , 孙红 主编 | |
| 分册: | ||
| 出版信息: | 北京 清华大学出版社 2018.03 |
|
| 页数: | 15, 287页 | |
| 开本: | 26cm | |
| 丛书名: | 全国高等学校智能科学与技术专业规划教材 | |
| 单 册: | ||
| 中图分类: | TP360.21 | |
| 科图分类: | ||
| 主题词: | 微型计算机--wei xing ji suan ji--系统开发--高等学校--教材 | |
| 电子资源: | ||
| ISBN: | 978-7-302-49222-1 | |
| 000 | 01170nam 2200289 450 | |
| 001 | CAL 0120182419262 | |
| 005 | 20181203153519.50 | |
| 010 | @a978-7-302-49222-1@b@dCNY49.00 | |
| 100 | @a20180326d2018 em y0chiy50 ea | |
| 101 | 0 | @achi |
| 102 | @aCN@b110000 | |
| 105 | @aak a 000yy | |
| 106 | @ar | |
| 200 | 1 | @a智能嵌入技术开发与实践@Azhi neng qian ru ji shu kai fa yu shi jian@f佟国香, 孙红主编@g |
| 210 | @a北京@c清华大学出版社@d2018.03 | |
| 215 | @a15, 287页@c图@d26cm | |
| 225 | 2 | @a全国高等学校智能科学与技术专业规划教材@Aquan guo gao deng xue xiao zhi neng ke xue yu ji shu zhuan ye gui hua jiao cai |
| 320 | @a有书目 | |
| 330 | @a本书共分为七章, 其主要内容包括嵌入式系统开发概述 ; ARM Cortex-M3微处理器 ; 嵌入式软件开发基础 ; 基于μC/OS-Ⅱ的嵌入式软件开发特点 ; 基于μC/OS-Ⅱ的嵌入式系统实验 ; FM4应用扩展等。 | |
| 410 | 0 | @12001 @a全国高等学校智能科学与技术专业规划教材 |
| 606 | 0 | @a微型计算机@Awei xing ji suan ji@x系统开发@x高等学校@j教材 |
| 690 | @aTP360.21@v5 | |
| 701 | 0 | @a佟国香@Atong guo xiang@4主编 |
| 701 | 0 | @a孙红@Asun hong@4主编 |
| 801 | 0 | @aCN@b人天书店@c20180326@g |
| 905 | @aBZT@dTP360.21@e1 | |
| 906 | @dCNY49.00@n3@r1 | |
| 智能嵌入技术开发与实践/佟国香, 孙红主编.-北京:清华大学出版社,2018.03 |
| 15, 287页:图;26cm.-(全国高等学校智能科学与技术专业规划教材) |
| ISBN 978-7-302-49222-1:CNY49.00 |
| 本书共分为七章, 其主要内容包括嵌入式系统开发概述 ; ARM Cortex-M3微处理器 ; 嵌入式软件开发基础 ; 基于μC/OS-Ⅱ的嵌入式软件开发特点 ; 基于μC/OS-Ⅱ的嵌入式系统实验 ; FM4应用扩展等。 |
| ● |
| 相关链接 |
|
|
|
正题名:智能嵌入技术开发与实践
索取号:TP360.21/1
 
预约/预借
| 序号 | 登录号 | 条形码 | 馆藏地/架位号 | 状态 | 备注 |
| 1 | 851547 | 2000851547 | 第二书库/ [索取号:TP360.21/1] | 在馆 | |
| 2 | 851548 | 2000851548 | 第二书库/ [索取号:TP360.21/1] | 在馆 | |
| 3 | 851549 | 2000851549 | 第二书库/ [索取号:TP360.21/1] | 在馆 |